| 000 -LEADER |
| fixed length control field |
01419nam a22002897a 4500 |
| 003 - CONTROL NUMBER IDENTIFIER |
| control field |
AR-BaISA |
| 005 - DATE AND TIME OF LATEST TRANSACTION |
| control field |
20220517185804.0 |
| 007 - PHYSICAL DESCRIPTION FIXED FIELD--GENERAL INFORMATION |
| fixed length control field |
ta |
| 008 - FIXED-LENGTH DATA ELEMENTS--GENERAL INFORMATION |
| fixed length control field |
180718s2009 ag ||||| |||| 00| 0 spa d |
| 020 ## - INTERNATIONAL STANDARD BOOK NUMBER |
| International Standard Book Number |
9789501215205 |
| 040 ## - CATALOGING SOURCE |
| Transcribing agency |
AR-BaISA |
| 082 04 - DEWEY DECIMAL CLASSIFICATION NUMBER |
| Edition number |
22 |
| Classification number |
371.1 An53 |
| 100 10 - MAIN ENTRY--PERSONAL NAME |
| 9 (RLIN) |
304 |
| Personal name |
Anijovich, Rebeca |
| Relator term |
aut. |
| 245 10 - TITLE STATEMENT |
| Title |
Transitar la formación pedagógica: |
| Remainder of title |
dispositivos y estrategias / |
| Statement of responsibility, etc. |
Rebeca Anijovich, Graciela Cappelletti, Silvia Mora y María José Sabelli |
| 260 ## - PUBLICATION, DISTRIBUTION, ETC. |
| Place of publication, distribution, etc. |
Buenos Aires: |
| Name of publisher, distributor, etc. |
Paidós, |
| Date of publication, distribution, etc. |
2009 |
| 300 ## - PHYSICAL DESCRIPTION |
| Extent |
178 p. |
| 490 1# - SERIES STATEMENT |
| Serie |
Voces de la educación |
| 504 ## - BIBLIOGRAPHY, ETC. NOTE |
| Bibliography, etc. note |
Bibliografía p: 169-178 |
| 505 ## - FORMATTED CONTENTS NOTE |
| Title |
Experiencia en la formación de la docencia -- |
| -- |
El sentido de la reflexión en la formación docente -- |
| -- |
La observación: educar la mirada para significar -- |
| -- |
Autobiografía escolar: reconocer la propia historia -- |
| -- |
Diarios de formación: el diálogo entre la subjetividad y la práctica -- |
| -- |
Microclases: prácticas simuladas de enseñanza -- |
| -- |
Talleres de integración de los trayectos de formación -- |
| -- |
Grupos de reflexión y tutorías: espacios para interrogar la práctica inicial |
| 650 14 - SUBJECT ADDED ENTRY--TOPICAL TERM |
| 9 (RLIN) |
325 |
| Topical term or geographic name entry element |
Formación del profesorado |
| 650 14 - SUBJECT ADDED ENTRY--TOPICAL TERM |
| 9 (RLIN) |
653 |
| Topical term or geographic name entry element |
Docente |
| General subdivision |
aprendizaje |
| 700 1# - ADDED ENTRY--PERSONAL NAME |
| 9 (RLIN) |
306 |
| Personal name |
Cappelletti, Graciela |
| Relator term |
aut. |
| 700 1# - ADDED ENTRY--PERSONAL NAME |
| 9 (RLIN) |
654 |
| Personal name |
Mora, Silvia |
| Relator term |
aut. |
| 700 1# - ADDED ENTRY--PERSONAL NAME |
| 9 (RLIN) |
655 |
| Personal name |
Sabelli, María José |
| Relator term |
aut. |
| 830 #0 - SERIES ADDED ENTRY--UNIFORM TITLE |
| 9 (RLIN) |
288 |
| Uniform title |
Voces de la educación |
| 942 ## - ADDED ENTRY ELEMENTS (KOHA) |
| Source of classification or shelving scheme |
|
| Koha item type |
Libros |
| Edition |
22 |